000 01218nam0a22002771 4500
001 rc\4037536
005 20130415135750.8
021 _aRU
_b[49-22543]
035 _a(NLR Aleph) 008096748
090 _a9218299
_c9218299
100 _a20130415d1949 |||y0rusy50 ca
101 0 _arus
102 _aRU
105 _aa z |||||
200 1 _aОпыт скоростного сталеварения
_eОбобщение опыта работы сталеваров-скоростников
_fМ-во металлург. пром-сти СССР. Упр. рабочих кадров, труда и заработной платы. Днепропетр. ин-т техн. обучения рабочих
210 _aДнепропетровск
_cОбл. тип.
_d1949
215 _a50 с.
_cчерт.
_d21
300 _aПеред загл. авт.: С.И. Лифшиц, канд. техн. наук
320 _aБиблиогр.: с. 50 (16 назв.)
606 _aСталь
_xПлавка скоростная
_2psbo
700 1 _aЛифшиц
_bС. И.
_gСавелий Иосифович
801 0 _aRU
_bNLR
_gpsbo
801 1 _aRU
_bELAR
_2rusmarc
852 _aNLR
_jТ30 Г-4/244
942 _cBOOK
980 _aNB